| 000 | 00721cam a2200193 4500 | ||
|---|---|---|---|
| 001 | ABS63319 | ||
| 008 | 000000n2000 000 0 eng u | ||
| 035 | _a(Sirsi) u110184 | ||
| 100 | _aKnutt, E | ||
| 245 | _aFocus: Central America: economies bear fruit | ||
| 260 | _c2000 | ||
| 490 |
_aEstates Gazette _v(0050) 16 December 2000, 66-67(2) |
||
| 520 | _aReport on how the relative stability in the former 'banana republics' of Central America are encouraging multinationals to move in and take advantage of low labour rates and relative proximity to the US and invest in property. | ||
| 590 | _aABS | ||
| 650 | _aCENTRAL AMERICA | ||
| 650 | _aINVESTMENT MARKET | ||
| 690 | _aINTERNATIONAL-AMERICAS | ||
| 942 | _n0 | ||
| 999 |
_c65708 _d65708 |
||